000 00593nam a2200241 a 4500
001 nice12345678
003 IN_TiNIC
005 20260116015214.0
008 050524s1966 lona grp 000 0 eng
020 _a
_c2350
082 0 0 _a201
_bHUE
100 _aHuelin, Gordon
245 _aAll in Good Faith
_b an Anthology of Western Christianity
260 _aLondon
_bLeslie Frewin
_c1966
300 _a280p
500 _aincludes index and biblioraphy
505 2 _aIndex
650 _aChristianity
700 1 _aHuelin, Gordon
902 _bSRS
942 _cBK
999 _c18752
_d18752